000 01410nam0a2200337 i 4500
001 RU\NLR\BIBL_A\011215612
005 20241118040805.0
010 _a978-5-298-03174-5
_92500
021 _aRU
_b2016-67648
_94345
035 _a(NLR Aleph) 011215612
090 _a11995096
_c11995096
100 _a20160919d2016 u y0rusy50 ca
101 1 _arus
_atuk
_atat
_ctuk
102 _aRU
105 _aa|||z|||000ay
200 1 _aАк-Памык
_dАкмамык
_eтуркменская народная сказка
_e[для детей среднего и старшего школьного возраста
_fпер. с туркм. Айсылу Галиевой
_gпер. с тат. Энже Хуснутдиновой
_gхудож.: Светлана Ибрагимова]
_ztat
210 _aКазань
_cТатарское книжное издательство
_d2016
215 _a37, [1] с.
_cцв. ил.
_d24
300 _aТекст парал. на рус. и тат. яз.
333 _a12+
510 1 _aАкмамык
_ztat
686 0 _aШ9(2)3=Тур-2
702 1 _aИбрагимова
_bС.
_gСветлана
_4040
852 _aNLR
_bОНЛ
_jТатар./3-14886
942 _cBOOK
980 _aNBR